000 00304nam a22001337a 4500
008 170322b xxu||||| |||| 00| 0 eng d
020 _a0312904924
041 _aeng
080 _a616.8
100 _a7
101 _ashm
245 _aDRAWING ON THE RIGHT SIDE OF THE BRAIN
_cEDWARDS, B
942 _2udc
_cBK
999 _c8371
_d8371